Informátor HI-HA

Gespeichert in:
Bibliographische Detailangaben
Format: Schriftenreihe
Sprache:Tschechisch
Veröffentlicht: Pardubice Dům techniky ČSVTS
Tags: Tag hinzufügen
Keine Tags, Fügen Sie das erste Tag hinzu!

MARC

LEADER 00000nas1a22000001 4500
001 s120780
005 20041019155346.6
041 0 |a cze 
044 |a CZ 
245 1 0 |a Informátor HI-HA 
264 1 |a Pardubice  |b Dům techniky ČSVTS